| 000 | 00718nam a2200145 4500 | ||
|---|---|---|---|
| 999 |
_c2746 _d2746 |
||
| 020 | _a0471345881 | ||
| 050 |
_aHF 5657 _b.4.W49 |
||
| 110 | _aJerry Weygandt | ||
| 111 | _aDonald E. Kieso, Paul D. Kimmel | ||
| 245 | _aManagerial accounting: tools for business decision making | ||
| 260 |
_aNew York _bJohn Wiley & Sons _c1999 |
||
| 300 | _axxix, 543 pg | ||
| 505 | _aManagerial accounting Job order accounting Process cost accounting Activity based costing cost-volume-profit relationship Budgetary planning Budgetary control and responsibility accounting Performance evaluation through standard costs Incremental analysis Capital budgeting Statement of cash flow Financial statement analysis | ||
| 942 | _cBK | ||